000
00216nam a2200097Ia 4500
008
170619s9999 xx 000 0 und d
100
_a
SADIKU
245
0
_a
PRINCIPLE OF ELECTROMAGNETICS
260
_b
Oxford
260
_c
2010
546
_a
ENGLISH
999
_c
19227
_d
19227